Statistics for what is it

Click here to take the quiz!

General Stats

  • This quiz has been taken 10 times
  • The average score is 9 of 16

Answer Stats

Answer% Correct
bull
100%
carrots
100%
duck
86%
ferrari
71%
pelican
71%
texas
71%
usa
71%
bee
57%
buck
57%
emu
57%
lacrosse
57%
greece
43%
china
29%
scotland
29%
tiramisu
29%
monaco
14%

Score Distribution

Percentile by Number Answered

Percent of People with Each Score

Your Score History

You have not taken this quiz